| 000 | 00380nam a2200145Ia 4500 | ||
|---|---|---|---|
| 008 | 240729s9999 xx 000 0 und d | ||
| 022 | _a2572-5181 | ||
| 245 | 0 | _aMuthanna Journal of Pure Science | |
| 260 | _aIraq | ||
| 260 | _bAl Muthanna University | ||
| 650 | _aScience | ||
| 856 | _uhttps://doaj.org/toc/3a4480025bbd42cfaa7adeaf1bbfc5ec | ||
| 942 | _2ddc | ||
| 942 | _cDOAJEJ | ||
| 999 |
_c74658 _d74658 |
||
| 945 |
_a1 _bMadushi Gamage _c1 _dMadushi Gamage |
||